| 000 | 00513cam a22001814a 4500 | ||
|---|---|---|---|
| 005 | 20250605164348.0 | ||
| 008 | 250528s ||||||||||||||||||||||||d | ||
| 035 | _a24047 | ||
| 040 |
_aGR-AtMCL _bgre _dGR-AtMCL _eAACR2 |
||
| 245 | 1 | _aInternational Airport Review | |
| 260 |
_bInternational Airport Review, _c2016 |
||
| 300 | _a64 | ||
| 520 | _aAirport Security and IT, Winter Operations, Route Development. | ||
| 700 | 1 |
_aBlackwell Andy _99376 |
|
| 942 | _cCR | ||
| 999 |
_c8948 _d8948 |
||